000 00933nac a22003017a 4500
001 BR7314065
003 BR-BrBNA
005 20240105113641.0
008 230509b bl.|||m| |||| 00| 0 por d
040 _aBR-BrBNA
_bpor
_cBiblioteca Nacional de Agricultura
072 _aF00; F30; F25
090 _a0120 BR7314065
100 1 _aKalckmann, R.E.
100 1 _aFerreira, F.C.
110 1 _aServico Nacional de Pesquisas Agronomicas, Rio de Janeiro, GB (Brasil)
_99382
245 1 _aTrabalhos experimentais com milho [variedade, hibrido, adubacao]
260 3 _aRio de Janeiro, GB (Brasil):
_c1953.
300 _a29 p.
490 _aCircular - Servico Nacional de Pesquisa Agronomica (Brazil)
_vno. 3
_x
500 _a16 tables
650 _aMILHO
650 _aVARIEDADE
650 _aHIBRIDO
650 _aPLANTIO
650 _aADUBACAO
909 _a202312
_bLúcia Elande
_c55
_dLúcia Elande
942 _2AGRIS
_n0
_cMS
999 _c264814
_d264814